000 00322nam a22001217a 4500
008 160510b xxu||||| |||| 00| 0 eng d
020 _a9780060466947
020 _a0060466944
041 _aeng
080 _a611
245 _aPrinciples anatomy and physiology:
_cGerad J. Tortora; Nicholas P. Anagnostaks;
942 _2udc
_cBK
999 _c1948
_d1948